Virut học; T2 Phần chuyên đề

Bewaard in:
Bibliografische gegevens
Hoofdauteur: S I Gaidamovich
Formaat: Boek
Taal:Undetermined
Gepubliceerd in: Hà Nội Y học 1979
Onderwerpen:
Tags: Voeg label toe
Geen labels, Wees de eerste die dit record labelt!
Thư viện lưu trữ: Trung tâm Học liệu Trường Đại học Cần Thơ
LEADER 00543nam a2200193Ia 4500
001 CTU_7509
008 210402s9999 xx 000 0 und d
082 |a 616.0194007 
082 |b G137/T2 
100 |a S I Gaidamovich 
245 0 |a Virut học; T2 
245 0 |b Phần chuyên đề 
245 0 |c S I Gaidamovich, V M Zdanov 
260 |a Hà Nội 
260 |b Y học 
260 |c 1979 
650 |a microbiology,viruses 
904 |i Nguyễn Huỳnh Mai, 960821 
980 |a Trung tâm Học liệu Trường Đại học Cần Thơ